000
00164nam a2200073Ia 4500
008
170617s9999 xx 000 0 und d
100
_a
Chaurasia-B.D
245
0
_a
Human Anatomy
260
_b
New York
999
_c
14690
_d
14690